000 00528 a2200157 4500
999 _c26644
_d26644
008 230623b ||||| |||| 00| 0 eng d
020 _a9783030043292
_cEuro 129.99
041 0 _aeng
082 0 0 _a387.5
_bP9741
245 _aSustainable Shipping: A Cross-Disciplinary View /
_cedited Harilaos N. Psaraftis
260 _aGewerbestrasse:
_bSpringer nature,
_c2019.
300 _axxxii, 477 p. :
_bill. ;
_c24 cm
650 0 _aShipping
_xTechnological innovation
700 _95546
_aPsaraftis, Harilaos N.
_eeditor
942 _2ddc
_cBK